000 00514nam a2200169Ia 4500
003 GCL
008 140319s9999 xx 000 0 ara d
040 _aGCL /
_cGCL
082 0 4 _a301.242
_bا ن
100 1 _aانور عبدالملك
245 1 0 _aتغيير العالم ( عالم المعرفة 95 ) /
_cانور عبدالملك
300 _a271 ص
490 _aعالم المعرفة
_v0
650 0 4 _aالبناء الاجتماعى
650 0 4 _aالتغيير الاجتماعى
942 _2ddc
_cBK
999 _c51560
_d51560